Las organizaciones internacionales
Guardat en:
| Autor principal: | |
|---|---|
| Format: | Llibre |
| Idioma: | espanyol |
| Publicat: |
Madrid
Tecnos
2010
|
| Edició: | 16a. ed |
| Matèries: | |
| Etiquetes: |
Afegir etiqueta
Sense etiquetes, Sigues el primer a etiquetar aquest registre!
|
MARC
| LEADER | 00000cam a2200000 a 4500 | ||
|---|---|---|---|
| 001 | UCF8207 | ||
| 003 | CL-VaPUC | ||
| 008 | 130802e20100000sp |||||||||||||||||spa|d | ||
| 020 | |a 9788430951383 | ||
| 082 | 0 | 4 | |a 341.01 |b DIE |2 21 |
| 100 | 0 | |a Diez de Velasco Vallejo, Manuel |e author |9 570301 | |
| 245 | 1 | 4 | |a Las organizaciones internacionales |
| 250 | |a 16a. ed | ||
| 300 | |a 945 p | ||
| 942 | |c BK | ||
| 945 | |d 20130802 12:08:00 |a dcastane | ||
| 260 | |a Madrid |b Tecnos |c 2010 | ||
| 650 | 7 | |a DERECHO INTERNACIONAL PUBLICO |2 CL-VaPUC |9 570302 | |
| 650 | 7 | |a ORGANISMOS INTERNACIONALES |2 CL-VaPUC |9 255448 | |
| 650 | 0 | |a Tratados internacionales |9 256056 | |
| 650 | 0 | |a Fuentes del derecho |9 255162 | |
| 583 | |a last modification |c 20130802 12:08:00 |k Rodrigo Vera | ||
| 999 | |c 352842 |d 352840 | ||
| 952 | |0 0 |1 0 |4 0 |6 341_010000000000000_DIE_2010 |7 0 |8 A |9 457558 |a BIBDER |b BIBDER |d 2019-11-22 |i 4994361 |l 1 |o 341.01 DIE 2010 |p 4994361 |r 2023-01-25 |s 2022-09-13 |w 2019-11-22 |y BK |k DER | ||